| 000 | 00811nam a2200241 a 4500 | ||
|---|---|---|---|
| 001 | BRCA_1939 | ||
| 005 | 20190320203616.0 | ||
| 008 | 950807s1995 mx-a---##r---#001-0#spa-# | ||
| 020 | _a9686533257 | ||
| 040 |
_aDLC _cDLC _dDLC |
||
| 041 | _aspaeng | ||
| 050 | 4 |
_aN405 _b.G85 1995 |
|
| 245 | 1 | 0 |
_aLa guía artes de México _bmuseos, galerías y otros espacios del arte _ccoordinación general del proyecto Antonieta Cruz. |
| 260 |
_aMéxico _bArtes de México y del Mundo _c1995 |
||
| 300 |
_a318 p. _bil. a color _c24 cm |
||
| 500 | _aIncluye índice analítico | ||
| 546 | _aTexto en : español e inglés | ||
| 650 | 1 | 4 |
_aArte _xGuías de viajeros _zMéxico _95964 |
| 650 | 1 | 4 |
_aArtes _vDirectorios _xServicios informativos _zMéxico _95965 |
| 700 | 1 |
_aCruz, Antonieta _95966 |
|
| 902 | _aREF | ||
| 942 |
_2lcc _cB |
||
| 999 |
_c1709 _d1709 |
||